Introducción a las ciencias sociales

Salvato in:
Dettagli Bibliografici
Autore principale: Leclercq, Jacques (Autore)
Natura: Libro
Lingua:spagnolo
Pubblicazione: Madrid Guadarrama 1961
Serie:Textos Universitarios, 2
Soggetti:
Tags: Aggiungi Tag
Nessun Tag, puoi essere il primo ad aggiungerne!!

MARC

LEADER 00000nam a2200000 a 4500
001 UCT6186
003 CL-VaPUC
008 970106e19610000SP |||||||||||||||||spa|d
082 0 4 |a 300  |b LEC  |2 21 
100 |a Leclercq, Jacques  |e author  |9 581394 
245 1 0 |a Introducción a las ciencias sociales 
300 |a 334 p 
942 |c BK 
945 |d 19970106 00:00:00  |a paguirre 
260 |a Madrid  |b Guadarrama  |c 1961 
650 0 |a Ciencias sociales   |9 256351 
650 7 |a DERECHO  |2 CL-VaPUC  |9 376075 
650 0 |a Ética  |9 255099 
650 0 |a Comportamiento moral  |9 334569 
650 0 |a Filosofía social  |9 268191 
650 0 |a Sociología   |9 255410 
583 |a last modification  |c 19970106 00:00:00  |k Rodrigo Vera 
490 0 |a Textos Universitarios, 2 
999 |c 254902  |d 254900 
952 |0 0  |1 0  |4 0  |6 300_000000000000000_LEC_1961  |7 0  |8 P  |9 276865  |a BIBDER  |b BIBDER  |d 2019-11-19  |i 1800221  |o 300 LEC 1961  |p 1800221  |r 2023-01-25  |w 2019-11-19  |y BK  |k DER 
952 |0 0  |1 0  |4 0  |6 300_000000000000000_LEC_1961  |7 0  |8 DER_TF  |9 276866  |a BIBDER  |b BIBDER  |d 2019-11-19  |i 1884913  |o 300 LEC 1961  |p 1884913  |r 2023-01-25  |w 2019-11-19  |x Ubicación 4to Piso  |y BK  |z Estos recursos deben solicitarse con anticipación  |k DER 
952 |0 0  |1 0  |4 0  |6 300_000000000000000_LEC_1961  |7 0  |8 P  |9 276867  |a BIBGIM  |b BIBGIM  |d 2019-11-19  |i 3374491  |o 300 LEC 1961  |p 3374491  |r 2025-01-15  |w 2019-11-19  |y BK  |k GIM